[Event "Winnipeg op"]
[Site "Winnipeg"]
[Date "2019.07.30"]
[Round "8.2"]
[White "Rutter, Blair A"]
[Black "Lafreniere, Adrian"]
[Result "1/2-1/2"]
[WhiteElo "1896"]
[BlackElo "1931"]
[PlyCount "43"]
[EventDate "2019.06.04"]
[EventType "swiss"]
[EventRounds "8"]
[EventCountry "CAN"]
[SourceTitle "EXT 2023"]
[Source "ChessBase"]
[SourceDate "2022.10.05"]
[SourceVersion "1"]
[SourceVersionDate "2022.10.05"]
[SourceQuality "1"]

1. c4 e6 2. g3 Nf6 3. Bg2 d5 4. d3 Bb4+ 5. Bd2 Bxd2+ 6. Nxd2 0-0 7. Ngf3 Nc6 8. 0-0 b6 9. Rc1 Bb7 10. a3 Qd6 11. b4 Ne5 12. c5 Nxf3+ 13. Nxf3 Qe7 14. c6 Bc8 15. Qb3 e5 16. Rfe1 Qd6 17. e3 Be6 18. Qb2 e4 19. dxe4 Nxe4 20. Rcd1 a5 21. Ne5 Qe7 22. Rd4 1/2-1/2

[Event "Winnipeg op"]
[Site "Winnipeg"]
[Date "2019.06.18"]
[Round "3.2"]
[White "Rutter, Blair A"]
[Black "Baron, Gustav L"]
[Result "0-1"]
[WhiteElo "1896"]
[BlackElo "2204"]
[PlyCount "86"]
[EventDate "2019.06.04"]
[EventType "swiss"]
[EventRounds "8"]
[EventCountry "CAN"]
[SourceTitle "EXT 2023"]
[Source "ChessBase"]
[SourceDate "2022.10.05"]
[SourceVersion "1"]
[SourceVersionDate "2022.10.05"]
[SourceQuality "1"]

1. c4 Nf6 2. g3 c6 3. Bg2 d5 4. Qb3 a5 5. Nf3 a4 6. Qc2 b5 7. cxb5 cxb5 8. a3 e6 9. 0-0 Bd7 10. Ne5 Bd6 11. Nxd7 Qxd7 12. d3 Nc6 13. e3 Rc8 14. Qe2 0-0 15. Nc3 Na5 16. Bd2 Nb3 17. Rad1 Rc7 18. d4 Rc4 19. Nb1 Rc2 20. Qd3 Rxb2 21. Bc3 Ra2 22. Bb4 Rb8 23. Nc3 Rb2 24. e4 Bxb4 25. axb4 dxe4 26. Nxe4 Nxe4 27. Bxe4 g6 28. Qc3 Ra2 29. d5 Rc8 30. Qe5 Re2 31. Qf4 e5 32. Qf3 Rb2 33. Rd3 Nd4 34. Qf6 Rxb4 35. Bg2 Re8 36. Rfd1 Rb2 37. Qa6 Qf5 38. f3 Rb1 39. Rxb1 Qxd3 40. Rf1 Ne2+ 41. Kh1 Qxd5 42. f4 e4 43. Qf6 Qh5 0-1

[Event "Winnipeg TNT May op"]
[Site "Winnipeg"]
[Date "2019.05.21"]
[Round "3.1"]
[White "Rutter, Blair A"]
[Black "Le Dorze, Philippe"]
[Result "0-1"]
[WhiteElo "1899"]
[BlackElo "1793"]
[PlyCount "76"]
[EventDate "2019.05.07"]
[EventType "swiss"]
[EventRounds "4"]
[EventCountry "CAN"]
[SourceTitle "EXT 2022"]
[Source "ChessBase"]
[SourceDate "2021.10.06"]
[SourceVersion "1"]
[SourceVersionDate "2021.10.06"]
[SourceQuality "1"]

1. c4 e5 2. g3 Nf6 3. Bg2 Bc5 4. Nc3 0-0 5. e3 Re8 6. d3 c6 7. Nge2 d6 8. 0-0 Bg4 9. h3 Be6 10. Kh2 Nbd7 11. f4 exf4 12. exf4 Nf8 13. f5 Bc8 14. d4 Bb6 15. Qd3 d5 16. cxd5 cxd5 17. Nf4 Ne4 18. Nfxd5 Nxc3 19. Nxb6 Qxb6 20. bxc3 g6 21. f6 Bf5 22. Rxf5 gxf5 23. Qxf5 Re6 24. Bg5 Re2 25. Bh6 Rxg2+ 26. Kxg2 Qb2+ 27. Qf2 Qxa1 28. Bxf8 Kxf8 29. h4 Re8 30. d5 Qd1 31. Qc5+ Kg8 32. d6 Re2+ 33. Kh3 Qh1+ 34. Kg4 Qe4+ 35. Kh3 Qe6+ 36. g4 Qe3+ 37. Qxe3 Rxe3+ 38. Kg2 Rd3 0-1

[Event "Winnipeg TNT February op"]
[Site "Winnipeg"]
[Date "2019.02.19"]
[Round "3.3"]
[White "Rutter, Blair A"]
[Black "Melnyk, Jim"]
[Result "1-0"]
[WhiteElo "1920"]
[BlackElo "1640"]
[PlyCount "95"]
[EventDate "2019.02.05"]
[EventType "swiss"]
[EventRounds "4"]
[EventCountry "CAN"]
[SourceTitle "EXT 2022"]
[Source "ChessBase"]
[SourceDate "2021.10.06"]
[SourceVersion "1"]
[SourceVersionDate "2021.10.06"]
[SourceQuality "1"]

1. c4 b6 2. Nc3 Bb7 3. e4 e6 4. d4 Bb4 5. Bd3 Ne7 6. Nf3 0-0 7. 0-0 d5 8. cxd5 exd5 9. e5 Ba6 10. Bxh7+ Kxh7 11. Ng5+ Kg8 12. Qh5 Bd3 13. f4 Bg6 14. Qh3 Nf5 15. Rd1 Be7 16. g4 Bxg5 17. gxf5 Bxf5 18. Qxf5 Bh6 19. Be3 Nc6 20. Rf1 Ne7 21. Qh3 Qc8 22. Qf3 c6 23. Kh1 Nf5 24. Bf2 Qe6 25. Rg1 Rfd8 26. Ne2 Rac8 27. Rac1 Rc7 28. b4 Rdc8 29. Rc2 Kf8 30. Rgc1 f6 31. Rf1 Rf7 32. Bg3 Ke8 33. Qd3 Kd7 34. a4 Ke8 35. Ng1 Kf8 36. Re2 g5 37. exf6 Qxf6 38. Ref2 Qxd4 39. Qxd4 Nxd4 40. fxg5 Bxg5 41. Rxf7+ Kg8 42. Be5 Ne6 43. Rxa7 c5 44. bxc5 bxc5 45. Ra6 Nf8 46. Rf3 Kh7 47. Rf7+ Kg8 48. Rg7+ 1-0

[Event "Manitoba-ch Senior"]
[Site "Winnipeg"]
[Date "2018.10.23"]
[Round "4.1"]
[White "Rutter, Blair A"]
[Black "Babb, Jeff"]
[Result "0-1"]
[WhiteElo "1966"]
[BlackElo "2144"]
[PlyCount "42"]
[EventDate "2018.10.02"]
[EventType "swiss"]
[EventRounds "5"]
[EventCountry "CAN"]
[SourceTitle "EXT 2022"]
[Source "ChessBase"]
[SourceDate "2021.10.06"]
[SourceVersion "1"]
[SourceVersionDate "2021.10.06"]
[SourceQuality "1"]

1. c4 g6 2. g3 Bg7 3. Bg2 c5 4. Nc3 Nc6 5. e4 d6 6. Nge2 h5 7. h4 Ne5 8. d3 Bg4 9. 0-0 Nf3+ 10. Kh1 e5 11. Qa4+ Kf8 12. b4 b6 13. Be3 Bf6 14. Rab1 Bxh4 15. Rb2 Bg5 16. Nd5 h4 17. Bxf3 Bxf3+ 18. Kg1 hxg3 19. Nxg3 Bf4 20. Bxf4 Qh4 21. Rfb1 Qh1+ 0-1

[Event "Winnipeg TNT May op"]
[Site "Winnipeg"]
[Date "2018.05.22"]
[Round "4"]
[White "Proulx, Roy"]
[Black "Rutter, Blair A"]
[Result "0-1"]
[WhiteElo "1713"]
[BlackElo "1973"]
[PlyCount "39"]
[EventDate "2018.05.01"]
[EventType "swiss"]
[EventRounds "5"]
[EventCountry "CAN"]
[SourceTitle "EXT 2022"]
[Source "ChessBase"]
[SourceDate "2021.10.06"]
[SourceVersion "1"]
[SourceVersionDate "2021.10.06"]
[SourceQuality "1"]

1. e4 e6 2. d4 d5 3. e5 c5 4. c3 Nc6 5. Nf3 Nge7 6. Bd3 Bd7 7. 0-0 Ng6 8. Nbd2 Be7 9. Bb1 Qb6 10. Nb3 cxd4 11. cxd4 Rc8 12. Be3 a5 13. Qd2 Bb4 14. Qd1 Be7 15. Qd2 Nb4 16. a3 Nc6 17. Nc1 a4 18. Nd3 Na5 19. Nc1 Nc4 20. Nd3 0-1

[Event "Winnipeg TNT May op"]
[Site "Winnipeg"]
[Date "2018.05.15"]
[Round "3"]
[White "Rutter, Blair A"]
[Black "Babb, Jeff"]
[Result "0-1"]
[WhiteElo "1973"]
[BlackElo "2219"]
[PlyCount "136"]
[EventDate "2018.05.01"]
[EventType "swiss"]
[EventRounds "5"]
[EventCountry "CAN"]
[SourceTitle "EXT 2022"]
[Source "ChessBase"]
[SourceDate "2021.10.06"]
[SourceVersion "1"]
[SourceVersionDate "2021.10.06"]
[SourceQuality "1"]

1. c4 Nf6 2. g3 c5 3. Bg2 Nc6 4. e4 g6 5. Nc3 Bg7 6. d3 d6 7. Nge2 h5 8. h4 Bg4 9. f3 Bd7 10. Be3 Qc8 11. Qd2 Rb8 12. 0-0 Bh3 13. Rab1 Bxg2 14. Kxg2 a6 15. a4 Nd7 16. Nd5 b5 17. axb5 axb5 18. b3 b4 19. d4 e6 20. Ndf4 cxd4 21. Bf2 e5 22. Nd5 Nc5 23. f4 Nxe4 24. Qd3 Nc5 25. Qd1 0-0 26. Be1 Qg4 27. Qd2 f6 28. Nc1 Ne4 29. Qd3 Nc3 30. Bxc3 bxc3 31. Rf2 Qf5 32. b4 Qxd3 33. Nxd3 e4 34. Ne1 f5 35. b5 d3 36. Nc2 dxc2 37. Rxc2 Rf7 38. Nxc3 Bxc3 39. Rxc3 Nd8 40. Rd1 Nb7 41. Kf2 Rc7 42. Ke3 Kf7 43. Kd4 Ke6 44. Ra1 Nc5 45. Rca3 Rbc8 46. Rc1 Nd7 47. Ra6 Nc5 48. Ra3 Rd8 49. Rb1 Rb7 50. Rba1 Rc8 51. R1a2 Kd7 52. Ra7 Ne6+ 53. Kc3 Rcc7 54. Rxb7 Rxb7 55. Kb4 Nc7 56. Rd2 Na6+ 57. Ka5 Nc5 58. Kb4 Kc7 59. Ra2 Kb6 60. Rd2 Nd3+ 61. Kc3 Kc5 62. Ra2 d5 63. cxd5 Rxb5 64. Ra6 Rb6 65. Ra2 Kd6 66. Kd4 Nb4 67. Ra7 Nxd5 68. Rg7 Rb4# 0-1

[Event "Winnipeg TNT May op"]
[Site "Winnipeg"]
[Date "2018.05.01"]
[Round "1"]
[White "Rutter, Blair A"]
[Black "Furda, Evheniya Diana"]
[Result "1-0"]
[WhiteElo "1973"]
[BlackElo "1530"]
[PlyCount "79"]
[EventDate "2018.05.01"]
[EventType "swiss"]
[EventRounds "5"]
[EventCountry "CAN"]
[SourceTitle "EXT 2022"]
[Source "ChessBase"]
[SourceDate "2021.10.06"]
[SourceVersion "1"]
[SourceVersionDate "2021.10.06"]
[SourceQuality "1"]

1. c4 Nf6 2. g3 g6 3. Bg2 Nc6 4. Nc3 Bg7 5. e4 d6 6. Nge2 e5 7. d3 Be6 8. 0-0 Qd7 9. f3 0-0-0 10. Be3 h5 11. Bg5 Rde8 12. Nd5 Nh7 13. Be3 f5 14. f4 Bh6 15. b4 Nf6 16. b5 Ne7 17. Qa4 a6 18. Nxe7+ Qxe7 19. bxa6 bxa6 20. Qxa6+ Kd7 21. exf5 Bxf5 22. Qc6+ Ke6 23. Rae1 Kf7 24. Nc3 Bd7 25. Qxc7 Rc8 26. Qb7 Rb8 27. Qf3 Kg7 28. fxe5 Bxe3+ 29. Rxe3 Ng4 30. Nd5 Qf8 31. Qxf8+ Rhxf8 32. Rxf8 Rxf8 33. Rf3 Rxf3 34. Bxf3 Nxe5 35. Be2 Bf5 36. d4 Nc6 37. a4 Nxd4 38. Kf2 Nc6 39. Ke3 Kf7 40. Bd3 1-0

[Event "Winnipeg TNT April op"]
[Site "Winnipeg"]
[Date "2018.04.24"]
[Round "4"]
[White "Rutter, Blair A"]
[Black "Bince, Rolando"]
[Result "0-1"]
[WhiteElo "1984"]
[BlackElo "1964"]
[PlyCount "118"]
[EventDate "2018.04.03"]
[EventType "swiss"]
[EventRounds "4"]
[EventCountry "CAN"]
[SourceTitle "EXT 2022"]
[Source "ChessBase"]
[SourceDate "2021.10.06"]
[SourceVersion "1"]
[SourceVersionDate "2021.10.06"]
[SourceQuality "1"]

1. c4 e5 2. g3 Nf6 3. Bg2 Nc6 4. Nc3 Bb4 5. e4 0-0 6. Nge2 Nd4 7. 0-0 Be7 8. d3 d6 9. h3 Nxe2+ 10. Qxe2 c6 11. Be3 b5 12. cxb5 cxb5 13. Nxb5 Qa5 14. Nc3 Ba6 15. Rfb1 Rfc8 16. Bd2 Qd8 17. Kh2 Rab8 18. f4 Rb7 19. f5 Rcb8 20. b3 Rc8 21. Rc1 Rbc7 22. g4 h6 23. b4 Bb7 24. a3 d5 25. Nd1 Rxc1 26. Rxc1 Rxc1 27. Bxc1 dxe4 28. Bxe4 Bxe4 29. dxe4 Nxe4 30. Ne3 Bg5 31. Ng2 Bxc1 32. Qxe4 Bxa3 33. h4 Qd4 34. Qxd4 exd4 35. b5 Kf8 36. Kg3 Ke7 37. Kf4 Kd6 38. Ne1 Kd5 39. Nd3 Bd6+ 40. Kf3 Be7 41. Nf4+ Kc4 42. h5 d3 43. Nh3 Bc5 44. g5 Bd4 45. f6 hxg5 46. fxg7 Bxg7 47. Nxg5 Kc3 48. Ne4+ Kc2 49. Kf4 d2 50. Nxd2 Kxd2 51. Kg5 Kc3 52. h6 Bh8 53. Kf5 Kc4 54. Ke4 Kxb5 55. Kd3 Kb4 56. Kc2 a5 57. Kb1 f5 58. h7 a4 59. Ka2 f4 0-1

[Event "Winnipeg TNT April op"]
[Site "Winnipeg"]
[Date "2018.04.10"]
[Round "2"]
[White "Baron, Gustav L"]
[Black "Rutter, Blair A"]
[Result "1-0"]
[WhiteElo "2216"]
[BlackElo "1984"]
[PlyCount "67"]
[EventDate "2018.04.03"]
[EventType "swiss"]
[EventRounds "4"]
[EventCountry "CAN"]
[SourceTitle "EXT 2022"]
[Source "ChessBase"]
[SourceDate "2021.10.06"]
[SourceVersion "1"]
[SourceVersionDate "2021.10.06"]
[SourceQuality "1"]

1. d4 d5 2. c4 c6 3. Nc3 Nf6 4. e3 e6 5. Bd3 Bd6 6. Nf3 0-0 7. 0-0 Nbd7 8. e4 dxe4 9. Nxe4 Nxe4 10. Bxe4 f5 11. Bc2 Nf6 12. Qe2 Bd7 13. Bg5 Qc7 14. Rad1 Rae8 15. Rfe1 h6 16. Bd2 c5 17. dxc5 Bxc5 18. b4 Bd6 19. c5 Bf4 20. Bb3 Nd5 21. g3 Bxd2 22. Qxd2 Bc6 23. Nd4 Rf6 24. Rxe6 Rfxe6 25. Nxe6 Qe7 26. Bxd5 Bxd5 27. Qxd5 Qxe6 28. Qxe6+ Rxe6 29. Rd7 Ra6 30. Rxb7 Rxa2 31. c6 Kh8 32. c7 Rc2 33. Rxa7 h5 34. h4 1-0

[Event "Winnipeg TNT April op"]
[Site "Winnipeg"]
[Date "2018.04.03"]
[Round "1"]
[White "Magyar, Peter"]
[Black "Rutter, Blair A"]
[Result "0-1"]
[WhiteElo "1508"]
[BlackElo "1984"]
[PlyCount "104"]
[EventDate "2018.04.03"]
[EventType "swiss"]
[EventRounds "4"]
[EventCountry "CAN"]
[SourceTitle "EXT 2022"]
[Source "ChessBase"]
[SourceDate "2021.10.06"]
[SourceVersion "1"]
[SourceVersionDate "2021.10.06"]
[SourceQuality "1"]

1. d4 e6 2. Bf4 Nf6 3. e3 d6 4. Nd2 Be7 5. Be2 0-0 6. h3 c5 7. c3 Nc6 8. Ngf3 Bd7 9. 0-0 Rc8 10. Rc1 a6 11. a3 b5 12. Bd3 Qb6 13. Qc2 a5 14. Qb1 g6 15. c4 b4 16. axb4 cxb4 17. b3 Ne8 18. Qb2 f6 19. Ra1 e5 20. c5 dxc5 21. Nc4 Qd8 22. dxe5 Be6 23. Rfd1 Qc7 24. Ra2 Qa7 25. Rda1 Bd8 26. Nfd2 f5 27. Nd6 Nxd6 28. exd6 Bf6 29. Qc2 Bxa1 30. Rxa1 Qg7 31. Rc1 Ne5 32. Bb5 Rfd8 33. Bxe5 Qxe5 34. Nf3 Qxd6 35. Ng5 Bd5 36. Bd3 h6 37. Bxf5 gxf5 38. Qxf5 hxg5 39. Qxg5+ Kf7 40. Re1 Rg8 41. Qh5+ Ke7 42. e4 Bxb3 43. e5 Qe6 44. Re4 Rcf8 45. Qh4+ Kd7 46. f4 Bd5 47. Re2 Rg7 48. Qe1 Qxh3 49. Qd2 Rxg2+ 50. Rxg2 Qxg2+ 51. Qxg2 Bxg2 52. Kxg2 Rxf4 0-1

[Event "Winnipeg Rosenbloom Memorial"]
[Site "Winnipeg"]
[Date "2017.12.12"]
[Round "6"]
[White "Rutter, Blair A"]
[Black "Kernetsky, Myron"]
[Result "0-1"]
[WhiteElo "2015"]
[BlackElo "2085"]
[PlyCount "90"]
[EventDate "2017.11.07"]
[EventType "swiss"]
[EventRounds "7"]
[EventCountry "CAN"]
[SourceTitle "EXT 2022"]
[Source "ChessBase"]
[SourceDate "2021.10.06"]
[SourceVersion "1"]
[SourceVersionDate "2021.10.06"]
[SourceQuality "1"]

1. c4 e5 2. Nc3 Nc6 3. g3 d6 4. Bg2 f5 5. e3 Nf6 6. Nge2 Be7 7. d3 0-0 8. a3 Qe8 9. b4 Bd8 10. Qb3 Kh8 11. b5 Ne7 12. Bd2 Qh5 13. f4 Ng6 14. 0-0-0 a6 15. Rdf1 exf4 16. Bf3 Qh6 17. h4 fxe3 18. Be1 Ne5 19. Kc2 axb5 20. Nxb5 Nfd7 21. Bb4 Nxf3 22. Rxf3 Ne5 23. Rf4 Qh5 24. Kd1 Bd7 25. d4 Ng4 26. Be1 Bf6 27. Rhf1 Rfe8 28. Qd3 Rac8 29. Kc1 Qf7 30. Kb1 Qe7 31. Ka2 c6 32. Nbc3 Ra8 33. Nb1 Qf7 34. Bb4 Be6 35. Rc1 Red8 36. Rxf5 Bxf5 37. Qxf5 Qd7 38. Qf4 Qe6 39. Kb2 h5 40. c5 dxc5 41. Rxc5 g6 42. Rc1 b6 43. Bc3 Ra4 44. Qc7 Qc4 45. Nf4 Rg8 0-1

[Event "Winnipeg Rosenbloom Memorial"]
[Site "Winnipeg"]
[Date "2017.12.05"]
[Round "5"]
[White "Gerona, Joshua"]
[Black "Rutter, Blair A"]
[Result "0-1"]
[WhiteElo "1995"]
[BlackElo "2015"]
[PlyCount "120"]
[EventDate "2017.11.07"]
[EventType "swiss"]
[EventRounds "7"]
[EventCountry "CAN"]
[SourceTitle "EXT 2022"]
[Source "ChessBase"]
[SourceDate "2021.10.06"]
[SourceVersion "1"]
[SourceVersionDate "2021.10.06"]
[SourceQuality "1"]

1. e4 e6 2. d4 d5 3. exd5 exd5 4. Nf3 Nf6 5. Bd3 Bd6 6. 0-0 0-0 7. Bg5 Bg4 8. Re1 Nbd7 9. c3 c6 10. Nbd2 Qc7 11. h3 Bh5 12. Qc2 Rae8 13. b4 Bf4 14. Bf5 Bxg5 15. Nxg5 Bg6 16. Bxg6 hxg6 17. Ngf3 Qf4 18. g3 Qd6 19. Kg2 Nh5 20. Ng5 f5 21. f4 Ndf6 22. Re5 Ne4 23. Ndxe4 fxe4 24. Qb3 Rxe5 25. dxe5 Qd7 26. Nxe4 Qf5 27. Re1 Kh8 28. Nd6 Qd3 29. c4 Qd2+ 30. Kf1 Qh2 31. Re3 dxc4 32. Nxc4 g5 33. Nd6 Nxg3+ 34. Rxg3 Rxf4+ 35. Ke1 Qf2+ 36. Kd1 Qd4+ 37. Qd3 Qa1+ 38. Kd2 Qxa2+ 39. Kc1 Qa1+ 40. Kc2 Rf2+ 41. Kb3 Qa2+ 42. Kc3 Qb2+ 43. Kc4 Rc2+ 44. Qxc2 Qxc2+ 45. Kd4 Qf2+ 46. Re3 b6 47. Kd3 Qf1+ 48. Kd4 Qf4+ 49. Re4 Qd2+ 50. Kc4 Qc2+ 51. Kd4 c5+ 52. bxc5 Qxc5+ 53. Kd3 Qd5+ 54. Ke3 Qb3+ 55. Kd4 Qxh3 56. e6 Qa3 57. Nf7+ Kg8 58. e7 Qc5+ 59. Kd3 Qd5+ 60. Ke3 Qxe4+ 0-1

[Event "Winnipeg TNT October op"]
[Site "Winnipeg"]
[Date "2017.10.03"]
[Round "1"]
[White "Furda, Evheniya Diana"]
[Black "Rutter, Blair A"]
[Result "0-1"]
[WhiteElo "1615"]
[BlackElo "2035"]
[PlyCount "84"]
[EventDate "2017.10.03"]
[EventType "swiss"]
[EventRounds "4"]
[EventCountry "CAN"]
[SourceTitle "EXT 2022"]
[Source "ChessBase"]
[SourceDate "2021.10.06"]
[SourceVersion "1"]
[SourceVersionDate "2021.10.06"]
[SourceQuality "1"]

1. e4 e6 2. d4 d5 3. Nc3 Nf6 4. e5 Nfd7 5. f4 a6 6. Nf3 c5 7. Be2 Nc6 8. Be3 b5 9. a3 Qb6 10. Qd2 Rb8 11. g3 Bb7 12. Bf1 Na5 13. b3 Nc6 14. Bg2 Rc8 15. Ne2 Na5 16. 0-0 c4 17. b4 c3 18. Qd3 Nc4 19. Bc1 a5 20. Nxc3 axb4 21. axb4 Be7 22. Nd2 0-0 23. Nxc4 Rxc4 24. Be3 Rfc8 25. Nd1 Rxc2 26. Nf2 Bxb4 27. Rab1 R8c3 28. Qd1 Ba5 29. Bd2 Rc8 30. Bxa5 Qxa5 31. Qd3 Ba6 32. Qe3 Qb6 33. Rfc1 b4 34. Rxc2 Rxc2 35. Rc1 Qc6 36. Rxc2 Qxc2 37. Qe1 b3 38. Qd1 Qc3 39. Bf1 Bxf1 40. Qxf1 b2 41. Qb1 Qc1+ 42. Qxc1 bxc1Q+ 0-1

[Event "Winnipeg TNT September op"]
[Site "Winnipeg"]
[Date "2017.09.12"]
[Round "2"]
[White "Trueman, Francis"]
[Black "Rutter, Blair A"]
[Result "0-1"]
[WhiteElo "1436"]
[BlackElo "2025"]
[PlyCount "52"]
[EventDate "2017.09.05"]
[EventType "swiss"]
[EventRounds "4"]
[EventCountry "CAN"]
[SourceTitle "EXT 2022"]
[Source "ChessBase"]
[SourceDate "2021.10.06"]
[SourceVersion "1"]
[SourceVersionDate "2021.10.06"]
[SourceQuality "1"]

1. e4 e5 2. Nf3 d6 3. d3 Be7 4. Nbd2 Nc6 5. g3 f5 6. exf5 Bxf5 7. Qe2 Nf6 8. Bg2 0-0 9. 0-0 Qd7 10. Ne4 Bg4 11. Nxf6+ Rxf6 12. Qe4 d5 13. Nxe5 dxe4 14. Nxd7 Bxd7 15. Bxe4 h6 16. Bf4 Bd6 17. Bd2 Bc5 18. c3 Bh3 19. Bg2 Bxg2 20. Kxg2 Bd6 21. f4 Re8 22. Kh3 Re2 23. Rad1 Rfe6 24. Kg4 Rxh2 25. d4 Ree2 26. Bc1 Na5 0-1

[Event "Winnipeg TNT September op"]
[Site "Winnipeg"]
[Date "2017.09.05"]
[Round "1"]
[White "Rutter, Blair A"]
[Black "Magyar, Peter"]
[Result "1-0"]
[WhiteElo "2025"]
[BlackElo "1539"]
[PlyCount "73"]
[EventDate "2017.09.05"]
[EventType "swiss"]
[EventRounds "4"]
[EventCountry "CAN"]
[SourceTitle "EXT 2022"]
[Source "ChessBase"]
[SourceDate "2021.10.06"]
[SourceVersion "1"]
[SourceVersionDate "2021.10.06"]
[SourceQuality "1"]

1. c4 c5 2. g3 e6 3. Bg2 Nf6 4. e4 d6 5. Ne2 Be7 6. Nbc3 a6 7. 0-0 Nbd7 8. d3 Rb8 9. a4 0-0 10. h3 b6 11. Kh2 Bb7 12. Be3 Qc7 13. Qd2 Rbd8 14. b3 Ne5 15. f4 Nc6 16. Rad1 Nb4 17. d4 d5 18. cxd5 exd5 19. e5 Ne4 20. Nxe4 dxe4 21. Rc1 Qb8 22. Rfd1 a5 23. Nc3 f5 24. exf6 Bxf6 25. Nxe4 Bxd4 26. Qe2 Rfe8 27. Bxd4 Bxe4 28. Bxe4 cxd4 29. Qc4+ Kf8 30. Bxh7 Nd5 31. Re1 Nf6 32. Bd3 Qb7 33. Rxe8+ Nxe8 34. Qc6 Qb8 35. Re1 Rc8 36. Qe4 Qd6 37. Qf5+ 1-0

[Event "Winnipeg TNT January op"]
[Site "Winnipeg"]
[Date "2017.01.31"]
[Round "4.4"]
[White "Wiebe, Isaac"]
[Black "Rutter, Blair A"]
[Result "1-0"]
[WhiteElo "2196"]
[BlackElo "2073"]
[PlyCount "77"]
[EventDate "2017.01.10"]
[EventType "swiss"]
[EventRounds "4"]
[EventCountry "CAN"]
[SourceTitle "EXT 2022"]
[Source "ChessBase"]
[SourceDate "2021.10.06"]
[SourceVersion "1"]
[SourceVersionDate "2021.10.06"]
[SourceQuality "1"]

1. d4 e6 2. Nf3 d5 3. Bf4 Nf6 4. e3 c5 5. c3 Nc6 6. Nbd2 Bd6 7. Bg3 Bxg3 8. hxg3 Bd7 9. Bd3 Rc8 10. Ne5 Qe7 11. g4 h6 12. g5 Nxe5 13. dxe5 Ng8 14. Qg4 g6 15. 0-0-0 h5 16. Qf4 c4 17. Bc2 b5 18. g4 b4 19. Nb1 bxc3 20. Nxc3 Rb8 21. gxh5 gxh5 22. Nxd5 Qc5 23. Nf6+ Nxf6 24. Qxf6 Rg8 25. g6 fxg6 26. Bxg6+ Rxg6 27. Qxg6+ Kd8 28. Rxd7+ Kxd7 29. Qf7+ Kc6 30. Qxe6+ Kb7 31. Rxh5 c3 32. Qb3+ Ka8 33. Qxc3 Qb5 34. Kb1 Qf1+ 35. Qc1 Qd3+ 36. Ka1 Qd7 37. Qh1+ Qb7 38. Qxb7+ Kxb7 39. Kb1 1-0

[Event "Winnipeg TNT January op"]
[Site "Winnipeg"]
[Date "2017.01.10"]
[Round "1.4"]
[White "Rutter, Blair A"]
[Black "Remillard, John"]
[Result "1-0"]
[WhiteElo "2073"]
[BlackElo "1657"]
[PlyCount "105"]
[EventDate "2017.01.10"]
[EventType "swiss"]
[EventRounds "4"]
[EventCountry "CAN"]
[SourceTitle "EXT 2022"]
[Source "ChessBase"]
[SourceDate "2021.10.06"]
[SourceVersion "1"]
[SourceVersionDate "2021.10.06"]
[SourceQuality "1"]

1. c4 Nf6 2. g3 g6 3. Bg2 Bg7 4. Nc3 c6 5. e4 d6 6. Nge2 Be6 7. d3 Qc8 8. Nf4 Bg4 9. f3 Bd7 10. Be3 e5 11. Nfe2 Bh3 12. 0-0 0-0 13. Qd2 Ne8 14. Rab1 Be6 15. b4 f5 16. f4 Nd7 17. h3 fxe4 18. Nxe4 d5 19. Ng5 Nb6 20. Rfc1 dxc4 21. Bxb6 axb6 22. dxc4 Bf5 23. Rb3 h6 24. Nf3 exf4 25. Nxf4 g5 26. Nh5 Bxh3 27. Rc2 Qg4 28. Nxg7 Bxg2 29. Kxg2 Nxg7 30. Qd6 Nf5 31. Qe6+ Rf7 32. Qxf7+ Kxf7 33. Ne5+ Kg7 34. Nxg4 Nd4 35. Rbc3 Nxc2 36. Rxc2 Re8 37. Kf3 h5 38. Ne3 Kf6 39. Rh2 g4+ 40. Ke2 Kg5 41. Rf2 Re5 42. Rf7 Kg6 43. Rxb7 b5 44. Rb6 Kg5 45. Rxc6 h4 46. Rc5 Rxc5 47. gxh4+ Kxh4 48. bxc5 bxc4 49. Nxc4 g3 50. Ne3 Kh3 51. c6 g2 52. Nxg2 Kxg2 53. c7 1-0

[Event "Winnipeg Rosenbloom Memorial"]
[Site "Winnipeg"]
[Date "2016.11.08"]
[Round "2"]
[White "Rutter, Blair A"]
[Black "Gentes, Kevin"]
[Result "0-1"]
[WhiteElo "1875"]
[BlackElo "2363"]
[PlyCount "56"]
[EventDate "2016.11.01"]
[EventType "swiss"]
[EventRounds "7"]
[EventCountry "CAN"]
[SourceTitle "EXT 2022"]
[Source "ChessBase"]
[SourceDate "2021.10.06"]
[SourceVersion "1"]
[SourceVersionDate "2021.10.06"]
[SourceQuality "1"]

1. c4 e6 2. g3 Nf6 3. Bg2 d5 4. d3 Bb4+ 5. Bd2 Be7 6. Nf3 0-0 7. Qb3 Nbd7 8. 0-0 a5 9. a4 c6 10. Nc3 d4 11. Nb1 e5 12. Na3 Re8 13. Rad1 Bf8 14. e3 Nc5 15. Qc2 Bf5 16. e4 Nfxe4 17. dxe4 Bxe4 18. Bg5 Bxc2 19. Bxd8 Bxd1 20. Bg5 Be2 21. Re1 d3 22. Nd2 Nxa4 23. b3 Nc3 24. Nab1 Bb4 25. Nxc3 Bxc3 26. Bf1 Bxf1 27. Kxf1 a4 28. Rb1 a3 0-1

[Event "Winnipeg op"]
[Site "Winnipeg"]
[Date "2016.06.21"]
[Round "3"]
[White "Rutter, Blair A"]
[Black "Remillard, John"]
[Result "1-0"]
[WhiteElo "1905"]
[BlackElo "1669"]
[PlyCount "65"]
[EventDate "2016.06.07"]
[EventType "swiss"]
[EventRounds "8"]
[EventCountry "CAN"]
[SourceTitle "EXT 2022"]
[Source "ChessBase"]
[SourceDate "2021.10.06"]
[SourceVersion "1"]
[SourceVersionDate "2021.10.06"]
[SourceQuality "1"]

1. c4 Nf6 2. g3 d5 3. Bg2 c6 4. cxd5 Nxd5 5. Nf3 g6 6. 0-0 Bg7 7. d4 0-0 8. e4 Nc7 9. Nc3 Bg4 10. Be3 Nd7 11. Qd2 Bxf3 12. Bxf3 Nb6 13. b3 e6 14. Rad1 Qe7 15. Qc2 Rac8 16. Ne2 Rfd8 17. Rd2 Bf8 18. Rfd1 Nca8 19. Qb1 Nd7 20. h4 b6 21. e5 Bg7 22. Rc2 c5 23. Bxa8 Rxa8 24. f4 Rac8 25. d5 exd5 26. Rxd5 f6 27. Rcd2 fxe5 28. Qe4 Nf6 29. Rxd8+ Rxd8 30. Qc4+ Kf8 31. Rxd8+ Qxd8 32. fxe5 Qe7 33. Qf4 1-0

[Event "Winnipeg Boardman Memorial"]
[Site "Winnipeg"]
[Date "2016.04.26"]
[Round "4"]
[White "Letain, Cory"]
[Black "Rutter, Blair A"]
[Result "0-1"]
[WhiteElo "1647"]
[BlackElo "1948"]
[PlyCount "34"]
[EventDate "2016.04.05"]
[EventType "swiss"]
[EventRounds "4"]
[EventCountry "CAN"]
[SourceTitle "EXT 2022"]
[Source "ChessBase"]
[SourceDate "2021.10.06"]
[SourceVersion "1"]
[SourceVersionDate "2021.10.06"]
[SourceQuality "1"]

1. d4 d5 2. c4 e6 3. Nf3 Nf6 4. cxd5 exd5 5. Bf4 c6 6. Qa4 Bg4 7. Ne5 Bf5 8. Nd2 Qb6 9. Nd3 Bxd3 10. exd3 Bb4 11. 0-0-0 Qxd4 12. Re1+ Kd7 13. Nc4 Qxf4+ 14. Re3 Na6 15. g3 Qxf2 16. Ne5+ Kc7 17. Rf3 Qe1+ 0-1